Film Zitate bekannter Filme - Statistiken

Allgemein
  • Dieses Quiz wurde 144 mal gespielt
  • Das Durchschnittsergebnis liegt bei 8 aus 14
Antwortstatistiken
Hint Antwort % Korrekt
„Das ist kein Mond. Das ist eine Raumstation.“ Star wars
98%
„Möge die Macht mit dir sein.“ Star Wars
98%
„Das Leben ist wie eine Schachtel Pralinen – man weiß nie, was man bekommt.“ Forrest Gump
75%
„Ein Zauberer kommt niemals zu spät. Genauso wenig kommt er zu früh. Er trifft exakt dann ein, wann er es beabsichtigt.“ Der Herr der Ringe
61%
„Eine rote Sonne geht auf.“ Der Herr der Ringe
61%
"Houston, wir haben ein Problem." Apollo 13
58%
"Ich komme wieder." Terminator
57%
„Ich mache ihm ein Angebot, das er nicht ablehnen kann.“ Der Pate
55%
„Aus großer Kraft folgt große Verantwortung.“ Spiderman
52%
„Aber ihr habt von mir gehört.“ Fluch der Karibik
50%
„Schlangen. Warum mussten es Schlangen sein?“ Indiana Jones
43%
„Niemand nennt mich eine feige Sau.“ Zurück in die Zukunft
25%
„Das Leben findet einen Weg.“ Jurassic Park
20%
„Um den Krieg zu überleben, muss man selbst zum Krieg werden.“ Rambo
11%
Keine übereinstimmenden Quizze gefunden
Verteilung der Resultate
Anzahl Personen mit jedem Resultat
Perzentil nach korrekt beantworteten Fragen
Ihre Resultats-Entwicklung
Sie haben dieses Quiz noch nicht gespielt